[Event "Bayern-ch U12"]
[Site "Mimberg"]
[Date "2002.04.01"]
[Round "1"]
[White "Zehnter, Sebastian"]
[Black "Heissenstein, Daniel"]
[Result "1/2-1/2"]
[WhiteElo "1479"]
[BlackElo "1173"]
[PlyCount "69"]
[EventDate "2002.04.??"]
[EventType "swiss"]
[EventRounds "7"]
[EventCountry "GER"]
[SourceTitle "EXT 2004"]
[Source "ChessBase"]
[SourceDate "2003.11.25"]
[SourceVersion "1"]
[SourceVersionDate "2003.11.25"]
[SourceQuality "1"]

1. e4 e5 2. Nf3 Nf6 3. Nxe5 Qe7 4. Nf3 Qxe4+ 5. Qe2 Qxe2+ 6. Bxe2 Bc5 7. 0-0 0-0 8. d4 Re8 9. Bd3 Bb6 10. c4 d6 11. Bg5 Nbd7 12. Nbd2 h6 13. Bf4 Ba5 14. Nb3 Bb6 15. Rfe1 a6 16. h3 Ba7 17. a4 b6 18. d5 Bb7 19. Nbd4 Nc5 20. Bc2 Nh5 21. Bh2 Nf6 22. b4 Nce4 23. Re3 Ng5 24. Nxg5 hxg5 25. Rae1 Rxe3 26. Rxe3 b5 27. Re7 Bxd4 28. Rxc7 Rb8 29. Bxd6 Ne8 30. Rd7 Nxd6 31. Rxd6 bxc4 32. b5 axb5 33. axb5 Be5 34. Rd7 Ra8 35. g3 1/2-1/2